Представление документа в формате MARC21

Поле Инд. ПП Название Значение
Тип записи m
Библиографический уровень m
001 Контрольный номер b0c520361eba4e069eb87349b578d535
005 Дата корректировки 20251225145537.7
008 Кодируемые данные 251222|||||||||ru |||||||||||||||||rus||
041 0_ a Код языка текста rus
084 a Индекс другой классификации/Индекс ББК 81.2Англ-923
203 a Вид содержания Текст
c Тип средства электронный
245 10 a Заглавие Английский язык
b Продолж. заглавия методические указания к самостоятельной работе и выполнению контрольных заданий по дисциплине "Деловой иностранный язык" для обучающихся старших курсов направления 15.03.02 "Технологические машины и оборудование" заочной формы обучения
c Ответственность Министерство науки и высшего образования Российской Федерации, Федеральное государственное автономное образовательное учреждение высшего образования "Мурманский арктический университет", Кафедра филологии, межкультурной коммуникации и журналистики ; составитель И. В. Смирнова
h Физич. носитель Электронный ресурс
256 a Характеристики компьютерного файла Электрон. текстовые дан. (1 файл : 863,24 Кб)
260 a Место издания Мурманск
b Издательство МАУ
c Дата издания 2025
500 a Примечание Доступ из локальной сети Мурман. аркт. ун-та. - Загл. с экрана
500 a Примечание URL: https://elib.mauniver.ru/2025/M_25_26.pdf
504 a Библиография Библиогр.: с. 62
583 x Служебное примечание Технологические машины и оборудование. ВПО
z Открытое примечание 15.03.02
653 0_ a Ключевые слова Технологическое оборудование; Технологические машины
a Ключевые слова Методические указания
a Ключевые слова Деловой иностранный язык
a Ключевые слова Труды преподавателей МАУ
a Ключевые слова Электронные версии
700 12 a Другие авторы Смирнова И. В.
e Роль лиц Составитель
856 40 u URL https://elib.mauniver.ru/2025/M_25_26.pdf
901 t Тип документа m